000 00574nam a2200193Ia 4500
005 20250508154724.0
008 008 250505s9999 xx 000 0 eng d
037 _aTextual
040 _aFEDL
_beng
_cFEDL
041 _aeng
_2eng
084 _a364.36, AMO
_qFEDL
100 _aAmos William E. Ed.
_9765935
245 0 _aDelinquency prevention : Theory and practice
260 _aEnglewood Cliffs
_b Prentice-Hall
_c1967
300 _axv,254p.
700 _a Wellford Charles F. Ed.
_9765936
942 _cTEXL
_h364.36, AMO
999 _c1351795
_d1351795